[Event "Kupreichik Memorial Open 2018"]
[Site "Minsk"]
[Date "2018.06.22"]
[Round "6"]
[White "Drobyshevsky, Vasily"]
[Black "Svjatocho, Andrej"]
[Result "0-1"]
[WhiteElo "1551"]
[BlackElo "1979"]
[Annotator "NA"]
[PlyCount "62"]
[EventDate "2018.06.21"]
[EventCountry "BLR"]
[SourceTitle "playchess.com"]
[Source "ChessBase"]
[SourceQuality "1"]
[TimeControl "900+10"]

1. c4 {[%emt 0:00:00]} e5 {[%emt 0:00:03]} 2. Nc3 {[%emt 0:00:00]} Nc6 {[%emt 0:00:02]} 3. e3 {[%emt 0:00:00]} f5 {[%emt 0:00:02]} 4. d4 {[%emt 0:00:01]} e4 {[%emt 0:00:03]} 5. d5 {[%emt 0:00:03]} Ne5 {[%emt 0:00:04]} 6. f4 {[%emt 0:01:26]} exf3 {[%emt 0:00:09]} 7. Nxf3 {[%emt 0:00:02]} d6 {[%emt 0:00:09]} 8. Be2 {[%emt 0:00:19]} Nf6 {[%emt 0:00:04]} 9. Bd2 {[%emt 0:01:24]} g6 {[%emt 0:00:06]} 10. h3 {[%emt 0:00:26]} Bg7 {[%emt 0:00:14]} 11. O-O {[%emt 0:00:47]} O-O {[%emt 0:00:07]} 12. Nd4 {[%emt 0:00:56]} Qe7 {[%emt 0:00:15]} 13. Qb3 {[%emt 0:01:23]} Kh8 {[%emt 0:00:51]} 14. Qc2 {[%emt 0:01:42]} Nf7 {[%emt 0:01:46]} 15. Nf3 {[%emt 0:00:32]} Bd7 {[%emt 0:00:22]} 16. Bd3 {[%emt 0:00:14]} Rae8 {[%emt 0:01:06]} 17. Rae1 {[%emt 0:00:03]} Ne5 {[%emt 0:00:06]} 18. Nxe5 {[%emt 0:00:21]} dxe5 {[%emt 0:00:26]} 19. e4 {[%emt 0:00:16]} f4 {[%emt 0:00:03]} 20. a3 {[%emt 0:02:03]} Nh5 {[%emt 0:00:23]} 21. Ne2 {[%emt 0:00:14]} f3 {[%emt 0:01:50]} 22. gxf3 {[%emt 0:04:16]} Bxh3 {[%emt 0:02:32]} 23. Rf2 {[%emt 0:00:02]} Rf7 {[%emt 0:00:03]} 24. f4 {[%emt 0:00:41]} exf4 {[%emt 0:00:10]} 25. Nxf4 {[%emt 0:00:04]} Nxf4 {[%emt 0:01:38]} 26. Bxf4 {[%emt 0:00:24]} Rxf4 {[%emt 0:02:10]} 27. Rxf4 {[%emt 0:00:29]} Qg5+ {[%emt 0:00:03]} 28. Kh1 {[%emt 0:00:07]} Qxf4 {[%emt 0:00:13]} 29. Qe2 {[%emt 0:00:43]} Bg4 {[%emt 0:00:23]} 30. Qe3 {[%emt 0:00:10]} Bf3+ {[%emt 0:00:06]} 31. Kg1 {[%emt 0:00:16]} Qg3+ {[%emt 0:00:03] Kh2} 0-1

[Event "Kupreichik Memorial Open 2018"]
[Site "Minsk"]
[Date "2018.06.22"]
[Round "6"]
[White "Tkachou, Pavel"]
[Black "Runets, Ivan"]
[Result "0-1"]
[WhiteElo "1535"]
[BlackElo "2027"]
[Annotator "NA"]
[PlyCount "50"]
[EventDate "2018.06.21"]
[EventCountry "BLR"]
[SourceTitle "playchess.com"]
[Source "ChessBase"]
[SourceQuality "1"]
[TimeControl "900+10"]

1. d4 {[%emt 0:00:00]} Nf6 {[%emt 0:00:02]} 2. Nf3 {[%emt 0:00:00]} e6 {[%emt 0:00:03]} 3. b3 {[%emt 0:00:00]} b6 {[%emt 0:00:01]} 4. Bb2 {[%emt 0:00:00]} Bb7 {[%emt 0:00:01]} 5. g3 {[%emt 0:00:06]} Be7 {[%emt 0:00:02]} 6. Bg2 {[%emt 0:00:01]} O-O {[%emt 0:00:03]} 7. O-O {[%emt 0:00:02]} c5 {[%emt 0:00:27]} 8. c4 {[%emt 0:00:38]} cxd4 {[%emt 0:00:15]} 9. Nxd4 {[%emt 0:00:07]} Bxg2 {[%emt 0:00:03]} 10. Kxg2 {[%emt 0:00:03]} Nc6 {[%emt 0:00:06]} 11. Nxc6 {[%emt 0:01:20]} dxc6 {[%emt 0:00:01]} 12. Nc3 {[%emt 0:00:02]} Qc7 {[%emt 0:00:16]} 13. Qc2 {[%emt 0:00:25]} Rad8 {[%emt 0:00:06]} 14. Rad1 {[%emt 0:00:05]} Rxd1 {[%emt 0:00:25]} 15. Rxd1 {[%emt 0:00:01]} Rd8 {[%emt 0:00:01]} 16. Rxd8+ {[%emt 0:00:21]} Qxd8 {[%emt 0:00:01]} 17. Qd3 {[%emt 0:00:34]} Nd7 {[%emt 0:02:44]} 18. Ne4 {[%emt 0:00:32]} f5 {[%emt 0:01:10]} 19. Qd4 {[%emt 0:00:56]} e5 {[%emt 0:00:44]} 20. Qd3 {[%emt 0:02:05]} fxe4 {[%emt 0:00:04]} 21. Qxe4 {[%emt 0:00:02]} Qc7 {[%emt 0:00:33]} 22. f4 {[%emt 0:00:31]} Bf6 {[%emt 0:00:24]} 23. g4 {[%emt 0:01:02]} exf4 {[%emt 0:00:29]} 24. Qe8+ {[%emt 0:00:13]} Nf8 {[%emt 0:00:05]} 25. Ba3 {[%emt 0:00:21]} c5 {[%emt 0:00:08]} 0-1

[Event "Kupreichik Memorial Open 2018"]
[Site "Minsk"]
[Date "2018.06.22"]
[Round "7"]
[White "Korobov, Anton"]
[Black "Fedorov, Alexei"]
[Result "1-0"]
[WhiteElo "2736"]
[BlackElo "2577"]
[Annotator "TA"]
[PlyCount "61"]
[EventDate "2018.06.21"]
[EventCountry "BLR"]
[SourceTitle "playchess.com"]
[Source "ChessBase"]
[SourceQuality "1"]

{[%evp 21,61,63,62,62,82,70,71,67,91,91,131,132,143,78,84,68,63,55,157,145,184,123,144,160,147,131,141,130,220,229,340,345,344,337,466,439,728,706,662,557,1357,1296]} 1. d4 Nf6 2. c4 g6 3. Nc3 Bg7 4. e4 d6 5. Nf3 O-O 6. Be2 Bg4 7. Be3 Nfd7 8. Rc1 c5 9. d5 Na6 10. h3 {E91: King's Indian: Classical: 6 Be2, unusual replies including 6...c5 and 6...Bg4} (10. O-O Nc7 11. h3 Bxf3 12. Bxf3 Re8 13. Be2 a6 14. Qd2 e6 15. Rfe1 exd5 16. exd5 Qh4 17. Bg4 Rxe3 18. Qxe3 {0-1 (35) Brown,M (2506)-Mamedyarov,S (2804) chess.com INT 2018}) 10... Bxf3 11. Bxf3 Nc7 {LiveBook: 18 Games} 12. h4 {White is slightly better.} b5 $146 ({Predecessor:} 12... e6 13. h5 exd5 14. exd5 Re8 15. Kf1 Ne5 16. hxg6 fxg6 17. Ne4 Nf7 {½-½ (48) Michalik,P (2511)-Muse,M (2443) Germany 2011}) 13. cxb5 a6 14. bxa6 Qb8 15. Qd2 Qb4 16. a3 Qb6 17. h5 (17. Bh6 $142) 17... Rfb8 $16 18. hxg6 fxg6 19. Rc2 Qb3 (19... Qa5 $14) 20. Be2 Nxa6 21. O-O (21. Bg4 $18 Ne5 22. Be6+ Kh8 23. Bh6) 21... Nc7 22. Bg5 $36 {[%mdl 2048] White is really pushing.} Re8 23. Rfc1 Nb6 24. Qd3 h6 (24... Na4 $16 {is a better defense.}) 25. Bd2 Bd4 (25... g5 $142 26. f4 gxf4 27. Bxf4 Rf8) 26. e5 $18 Kg7 27. Qe4 {[#] Black must now prevent Bd3.} ({Weaker is} 27. Qh3 Rh8 $18) 27... Nd7 28. Qh4 {White is clearly winning.} Nxe5 (28... h5 $142 29. exd6 exd6) 29. Qxh6+ Kg8 30. Bf4 Qb6 31. Bxe5 {Precision: White = 68%, Black = 39%.} 1-0

[Event "Kupreichik Memorial Open 2018"]
[Site "Minsk"]
[Date "2018.06.22"]
[Round "7"]
[White "Andreikin, Dmitry"]
[Black "Kovalev, Vladislav"]
[Result "1/2-1/2"]
[WhiteElo "2733"]
[BlackElo "2631"]
[Annotator "TA"]
[PlyCount "35"]
[EventDate "2018.06.21"]
[EventCountry "BLR"]
[SourceTitle "playchess.com"]
[Source "ChessBase"]
[SourceQuality "1"]

{[%evp 20,35,31,29,28,12,47,27,26,3,2,0,0,0,1,0,0,0]} 1. e4 e5 2. Nf3 Nc6 3. Bb5 a6 4. Ba4 Nf6 5. O-O Be7 6. Bxc6 dxc6 7. d3 {[%cal Bd2d3,Bd3d4][%mdl 32]} Nd7 8. Nbd2 O-O 9. Nc4 Bd6 {C85: Closed Ruy Lopez: Deferred Exchange Variation} (9... f6 10. Nh4 Re8 11. Nf5 Bf8 12. f4 exf4 13. Bxf4 Nc5 14. Qg4 Bxf5 15. Qxf5 Ne6 16. Be3 b5 17. Na5 c5 18. a4 {0-1 (85) Andreikin,D (2706)-Matlakov,M (2728) Tbilisi 2017}) 10. d4 Qe7 11. Re1 {LiveBook: 6 Games} Re8 {White has an edge.} 12. b3 c5 $146 ({Predecessor:} 12... Bb4 13. Bd2 Bxd2 14. Qxd2 exd4 15. Nxd4 Ne5 16. Nxe5 Qxe5 17. f4 {1-0 (84) Shtyrenkov,V (2460)-Mrva,M (2315) Pardubice 1992}) 13. dxe5 (13. d5 {feels hotter.} b5 14. Na5 f5 15. Nc6 Qf8 16. a4) 13... Nxe5 14. Nxd6 cxd6 {The position is equal.} 15. Nd2 Ng4 {[#] White must now prevent ...Qe5.} 16. Nf3 Ne5 17. Nd2 Ng4 {aiming for ...Qe5.} 18. Nf3 1/2-1/2

[Event "Kupreichik Memorial Open 2018"]
[Site "Minsk"]
[Date "2018.06.22"]
[Round "7"]
[White "Mamedov, Rauf"]
[Black "Meshkovs, Nikita"]
[Result "1-0"]
[WhiteElo "2711"]
[BlackElo "2572"]
[Annotator "TA"]
[PlyCount "85"]
[EventDate "2018.06.21"]
[EventCountry "BLR"]
[SourceTitle "playchess.com"]
[Source "ChessBase"]
[SourceQuality "1"]

{[%evp 12,85,-21,-13,-16,-18,-15,-13,-14,-20,-11,-31,-32,-35,0,-8,-14,-14,9,10,13,8,14,24,42,17,53,61,66,54,56,65,64,72,159,181,148,175,182,151,177,175,181,180,181,160,204,193,289,227,297,295,289,289,291,250,254,281,230,281,256,239,421,415,341,217,200,64,1479,1470,29979,6455,29982,29982,29998,1815]} 1. e4 e5 2. Nc3 Nf6 3. g3 Bc5 4. Bg2 O-O 5. d3 c6 (5... Re8 6. h3 c6 7. Nge2 d5 8. exd5 Nxd5 9. O-O Be6 10. Kh2 Nd7 11. Ne4 Bf8 12. d4 h6 13. c4 {0-1 (59) Mamedov,R (2709)-Ding,L (2777) Huaian 2017}) 6. Nf3 {C26: Vienna Game: 2...Nf6, sidelines} d6 7. O-O {LiveBook: 5 Games} a5 {[%cal Ba7a5,Ba5a4][%mdl 32]} 8. d4 {The position is equal.} exd4 9. Nxd4 a4 10. h3 $146 ({Predecessor:} 10. b3 axb3 11. Nxb3 Bb6 12. a4 Bc7 13. h3 {½-½ (57) Sazon,A (2262)-Buzagicioglu,O (2018) ICCF email 2015}) 10... Re8 11. a3 Qb6 12. Nde2 Nbd7 13. b4 axb3 $1 14. cxb3 {And now b4 would win.} Qa6 15. Bf4 Ne5 16. b4 Bb6 17. Qxd6 Nc4 18. Qd3 Be6 19. a4 Nh5 20. Qc2 Rad8 21. Bg5 f6 22. Bc1 $1 {[%cal Bg5c1,Bc1a3,Ba3b4][%mdl 32] Hoping for g4.} g5 (22... g6 $142) 23. g4 $1 $16 Ng7 24. e5 Nxe5 25. b5 cxb5 26. Ne4 $1 {[%cal Re4f6]} Rf8 {aiming for ...b4.} 27. Ba3 b4 28. Bxb4 Rf7 29. a5 Ba7 (29... Qc4 $142 30. Bc3 (30. Qxc4 Bxc4 31. axb6 Bxe2 $16) 30... Bc7) 30. Rfd1 Rc8 {[#]} 31. Qxc8+ $1 {[%mdl 512]} Bxc8 32. Rd8+ Ne8 33. Rxe8+ Kg7 34. N2g3 Bd7 35. Nh5+ {[%mdl 1024] White has strong compensation.} Kh6 36. Rg8 Ng6 $2 (36... Qd3 {is a better defense.}) 37. Nd6 {[%cal Rd6f7]} Re7 38. Rd8 ({And not} 38. Nxf6 Bxf2+ 39. Kh1 (39. Kxf2 $2 Qa7+ 40. Kf1 Qd4 $19) 39... Bg3 $14) 38... Qe2 {[#]} 39. Rf1 $40 {[%mdl 128] Black needs to defend precisely.} (39. Rxd7 $1 $18 {[%cal Rd6f5][%mdl 512]} Nh4 (39... Rxd7 40. Nf5#) 40. Nf5+ Nxf5 41. Bxe7 Bxf2+ 42. Kh1 Nxe7 43. Nxf6) 39... Be6 $2 {[%mdl 8192]} ({Avoid the trap} 39... Qb2 $2 {[#]} 40. Rxd7 $1 {[%mdl 512]} Qc2 41. Be4 $1 $18 {[%mdl 512]}) (39... Nh4 $14) 40. Ng3 $18 {Ngf5+ would kill now.} Bxf2+ 41. Rxf2 {Intending Ngf5+ and mate.} Qd1+ 42. Kh2 Qe2 43. Rf1 {Precision: White = 64%, Black = 39%.} (43. Ndf5+ $142 Bxf5 44. Nxf5#) 1-0

[Event "Kupreichik Memorial Open 2018"]
[Site "Minsk"]
[Date "2018.06.22"]
[Round "7"]
[White "Nikitenko, Mihail"]
[Black "Sadovnikov, Konstantin"]
[Result "1-0"]
[WhiteElo "2401"]
[BlackElo "1908"]
[Annotator "NA"]
[PlyCount "67"]
[EventDate "2018.06.21"]
[EventCountry "BLR"]
[SourceTitle "playchess.com"]
[Source "ChessBase"]
[SourceQuality "1"]
[TimeControl "900+10"]

1. e4 {[%emt 0:00:00]} c5 {[%emt 0:00:01]} 2. Nf3 {[%emt 0:00:00]} Nc6 {[%emt 0:00:01]} 3. Nc3 {[%emt 0:00:00]} Nf6 {[%emt 0:00:06]} 4. d4 {[%emt 0:00:00]} cxd4 {[%emt 0:00:03]} 5. Nxd4 {[%emt 0:00:00]} e5 {[%emt 0:00:01]} 6. Ndb5 {[%emt 0:00:00]} d6 {[%emt 0:00:01]} 7. Bg5 {[%emt 0:00:03]} a6 {[%emt 0:00:00]} 8. Na3 {[%emt 0:00:02]} b5 {[%emt 0:00:02]} 9. Nd5 {[%emt 0:00:02]} Be7 {[%emt 0:00:01]} 10. Bxf6 {[%emt 0:00:02]} Bxf6 {[%emt 0:00:01]} 11. c4 {[%emt 0:00:03]} b4 {[%emt 0:00:04]} 12. Nc2 {[%emt 0:00:01]} O-O {[%emt 0:00:02]} 13. g3 {[%emt 0:00:04]} Rb8 {[%emt 0:00:06]} 14. h4 {[%emt 0:00:29]} a5 {[%emt 0:01:13]} 15. Bh3 {[%emt 0:00:08]} Be6 {[%emt 0:00:46]} 16. Qd3 {[%emt 0:00:30]} Bxh3 {[%emt 0:00:48]} 17. Rxh3 {[%emt 0:00:03]} Qd7 {[%emt 0:00:01]} 18. Nxf6+ {[%emt 0:00:17]} gxf6 {[%emt 0:00:01]} 19. g4 {[%emt 0:00:13]} Kh8 {[%emt 0:00:48]} 20. f3 {[%emt 0:00:56]} Rg8 {[%emt 0:01:13]} 21. O-O-O {[%emt 0:00:11]} Rbd8 {[%emt 0:00:20]} 22. h5 {[%emt 0:00:10]} a4 {[%emt 0:00:11]} 23. b3 {[%emt 0:00:02]} axb3 {[%emt 0:00:03]} 24. axb3 {[%emt 0:00:03]} Qa7 {[%emt 0:01:42]} 25. Kb2 {[%emt 0:00:05]} Qf2 {[%emt 0:00:31]} 26. Qd2 {[%emt 0:00:11]} Qa7 {[%emt 0:02:19]} 27. Ra1 {[%emt 0:00:06]} Qb6 {[%emt 0:00:14]} 28. Qh6 {[%emt 0:00:05]} Rg7 {[%emt 0:01:43]} 29. Qxf6 {[%emt 0:00:04]} Kg8 {[%emt 0:00:00]} 30. Rh2 {[%emt 0:00:01]} Nd4 {[%emt 0:00:22]} 31. Ra6 {[%emt 0:00:15]} Qc7 {[%emt 0:00:19]} 32. Nxd4 {[%emt 0:00:03]} exd4 {[%emt 0:00:01]} 33. Rd2 {[%emt 0:00:02]} Re8 {[%emt 0:00:31]} 34. Qxd6 {[%emt 0:00:10]} 1-0

[Event "Kupreichik Memorial Open 2018"]
[Site "Minsk"]
[Date "2018.06.22"]
[Round "7"]
[White "Meshkov, Yuri A"]
[Black "Kirilin, Dmitrij"]
[Result "1-0"]
[WhiteElo "2375"]
[BlackElo "1898"]
[Annotator "NA"]
[PlyCount "55"]
[EventDate "2018.06.21"]
[EventCountry "BLR"]
[SourceTitle "playchess.com"]
[Source "ChessBase"]
[SourceQuality "1"]
[TimeControl "900+10"]

1. e4 {[%emt 0:00:00]} c5 {[%emt 0:00:01]} 2. Nf3 {[%emt 0:00:00]} d6 {[%emt 0:00:01]} 3. Bb5+ {[%emt 0:00:00]} Bd7 {[%emt 0:00:03]} 4. a4 {[%emt 0:00:00]} Nc6 {[%emt 0:00:07]} 5. O-O {[%emt 0:00:00]} Nf6 {[%emt 0:00:05]} 6. Re1 {[%emt 0:00:14]} a6 {[%emt 0:00:27]} 7. Bc4 {[%emt 0:00:10]} e6 {[%emt 0:00:14]} 8. h3 {[%emt 0:00:14]} Qc7 {[%emt 0:00:14]} 9. b3 {[%emt 0:00:21]} Be7 {[%emt 0:00:40]} 10. Bb2 {[%emt 0:00:01]} e5 {[%emt 0:00:46]} 11. c3 {[%emt 0:00:23]} O-O {[%emt 0:01:17]} 12. d4 {[%emt 0:00:01]} cxd4 {[%emt 0:00:05]} 13. cxd4 {[%emt 0:00:01]} Rae8 {[%emt 0:01:39]} 14. Nc3 {[%emt 0:00:46]} Bd8 {[%emt 0:00:21]} 15. Rc1 {[%emt 0:00:16]} Qb8 {[%emt 0:00:12]} 16. dxe5 {[%emt 0:01:02]} dxe5 {[%emt 0:00:07]} 17. Nd5 {[%emt 0:00:01]} Bc8 {[%emt 0:02:01]} 18. Ba3 {[%emt 0:00:14]} Be7 {[%emt 0:00:56]} 19. Nxe7+ {[%emt 0:00:17]} Nxe7 {[%emt 0:00:22]} 20. Bd6 {[%emt 0:00:11]} Qa7 {[%emt 0:00:06]} 21. Nxe5 {[%emt 0:00:22]} Rd8 {[%emt 0:00:06]} 22. Nxf7 Rxf7 {[%emt 0:00:14]} 23. Bxf7+ {[%emt 0:00:41]} Kxf7 {[%emt 0:00:01]} 24. e5 {[%emt 0:00:01]} Nfd5 {[%emt 0:00:20]} 25. e6+ {[%emt 0:02:28]} Ke8 {[%emt 0:01:23]} 26. Qh5+ {[%emt 0:00:21]} g6 {[%emt 0:00:24]} 27. Qxh7 Rxd6 {[%emt 0:00:18]} 28. Qh8+ {[%emt 0:00:06]} 1-0

[Event "Kupreichik Memorial Open 2018"]
[Site "Minsk"]
[Date "2018.06.22"]
[Round "7"]
[White "Zhukova, Natalia"]
[Black "Savolainen, Lev P"]
[Result "1-0"]
[WhiteElo "2356"]
[BlackElo "2163"]
[Annotator "NA"]
[PlyCount "64"]
[EventDate "2018.06.21"]
[EventCountry "BLR"]
[SourceTitle "playchess.com"]
[Source "ChessBase"]
[SourceQuality "1"]
[TimeControl "900+10"]

1. c4 {[%emt 0:00:00]} e6 {[%emt 0:00:06]} 2. Nc3 {[%emt 0:00:00]} d5 {[%emt 0:00:02]} 3. d4 {[%emt 0:00:00]} Nf6 {[%emt 0:00:03]} 4. cxd5 {[%emt 0:00:04]} exd5 {[%emt 0:00:02]} 5. Bg5 {[%emt 0:00:02]} Nbd7 {[%emt 0:00:04]} 6. e3 {[%emt 0:00:05]} Be7 {[%emt 0:00:02]} 7. Bd3 {[%emt 0:00:06]} a6 {[%emt 0:00:02]} 8. Nge2 {[%emt 0:00:08]} c5 {[%emt 0:00:02]} 9. O-O {[%emt 0:00:28]} c4 {[%emt 0:00:02]} 10. Bf5 {[%emt 0:00:19]} b5 {[%emt 0:00:03]} 11. Nf4 {[%emt 0:00:51]} Bb7 {[%emt 0:00:04]} 12. Qf3 {[%emt 0:01:16]} O-O {[%emt 0:01:13]} 13. Bxd7 {[%emt 0:04:04]} Qxd7 {[%emt 0:00:08]} 14. Bxf6 {[%emt 0:00:02]} Bxf6 {[%emt 0:00:04]} 15. Ncxd5 {[%emt 0:02:04]} Bd8 {[%emt 0:00:08]} 16. e4 {[%emt 0:01:56]} g5 {[%emt 0:00:19]} 17. Qg3 {[%emt 0:02:35]} Kh8 {[%emt 0:00:26]} 18. Ne2 {[%emt 0:01:23]} Bxd5 {[%emt 0:00:33]} 19. exd5 {[%emt 0:00:01]} Qxd5 {[%emt 0:00:39]} 20. Rad1 {[%emt 0:00:12]} Bf6 {[%emt 0:00:45]} 21. Nc3 {[%emt 0:00:05]} Qf5 {[%emt 0:00:36]} 22. d5 {[%emt 0:00:52]} Rad8 {[%emt 0:01:18]} 23. Rfe1 {[%emt 0:00:10]} Rfe8 {[%emt 0:00:20]} 24. Rxe8+ {[%emt 0:00:09]} Rxe8 {[%emt 0:00:01]} 25. d6 {[%emt 0:01:01]} Rd8 {[%emt 0:00:25]} 26. Qf3 {[%emt 0:00:47]} Qxf3 {[%emt 0:02:28]} 27. gxf3 {[%emt 0:00:00]} Be5 {[%emt 0:00:23]} 28. Ne4 {[%emt 0:00:23]} Bxb2 {[%emt 0:00:40]} 29. Nc5 {[%emt 0:00:32]} c3 {[%emt 0:00:07]} 30. Nb7 {[%emt 0:00:13]} c2 {[%emt 0:00:12]} 31. Re1 {[%emt 0:00:09]} Rd7 {[%emt 0:00:11]} 32. Re8+ {[%emt 0:00:09]} Kg7 {[%emt 0:00:03]} 1-0

[Event "Kupreichik Memorial Open 2018"]
[Site "Minsk"]
[Date "2018.06.22"]
[Round "7"]
[White "Kalugin, Sergey G"]
[Black "Rybakova, Polina"]
[Result "1-0"]
[WhiteElo "2334"]
[BlackElo "1826"]
[Annotator "NA"]
[PlyCount "55"]
[EventDate "2018.06.21"]
[EventCountry "BLR"]
[SourceTitle "playchess.com"]
[Source "ChessBase"]
[SourceQuality "1"]
[TimeControl "900+10"]

1. e4 {[%emt 0:00:00]} d5 {[%emt 0:00:06]} 2. exd5 {[%emt 0:00:00]} Qxd5 {[%emt 0:00:01]} 3. Nf3 {[%emt 0:00:00]} Bg4 {[%emt 0:00:05]} 4. Be2 {[%emt 0:00:03]} Nc6 {[%emt 0:00:09]} 5. O-O {[%emt 0:00:09]} O-O-O {[%emt 0:00:22]} 6. Nc3 {[%emt 0:00:10]} Qd7 {[%emt 0:00:16]} 7. b4 {[%emt 0:00:29]} Bxf3 {[%emt 0:00:57]} 8. Bxf3 {[%emt 0:00:02]} Nd4 {[%emt 0:00:21]} 9. Rb1 {[%emt 0:00:58]} e5 {[%emt 0:00:50]} 10. Re1 {[%emt 0:00:16]} Bd6 {[%emt 0:01:23]} 11. d3 {[%emt 0:00:05]} f5 {[%emt 0:00:42]} 12. a4 {[%emt 0:00:16]} h6 {[%emt 0:00:37]} 13. Bd5 {[%emt 0:01:20]} Nf6 {[%emt 0:00:50]} 14. Bc4 {[%emt 0:00:02]} g5 {[%emt 0:02:44]} 15. Be3 {[%emt 0:00:18]} Ng4 {[%emt 0:01:08]} 16. Bxd4 {[%emt 0:00:06]} exd4 {[%emt 0:01:57]} 17. Be6 {[%emt 0:00:02]} Bxh2+ {[%emt 0:00:13]} 18. Kf1 {[%emt 0:00:01]} Ne3+ {[%emt 0:01:26]} 19. Rxe3 {[%emt 0:00:02]} dxe3 {[%emt 0:00:03]} 20. Bxd7+ {[%emt 0:00:02]} Rxd7 {[%emt 0:00:07]} 21. fxe3 {[%emt 0:00:07]} f4 {[%emt 0:00:19]} 22. Qh5 {[%emt 0:01:20]} Bg3 {[%emt 0:00:34]} 23. Ne4 {[%emt 0:00:03]} Rf8 {[%emt 0:00:56]} 24. Ke2 {[%emt 0:00:07]} Rdf7 {[%emt 0:00:22]} 25. Rf1 {[%emt 0:00:02]} Bh4 {[%emt 0:00:51]} 26. exf4 {[%emt 0:00:10]} Rf5 {[%emt 0:00:16]} 27. g3 {[%emt 0:00:25]} gxf4 {[%emt 0:00:43]} 28. Qxh4 {[%emt 0:00:01]} 1-0

[Event "Kupreichik Memorial Open 2018"]
[Site "Minsk"]
[Date "2018.06.22"]
[Round "7"]
[White "Terletsky, Oleg"]
[Black "Kaliadzich, Maryia"]
[Result "1-0"]
[WhiteElo "2268"]
[BlackElo "2058"]
[Annotator "NA"]
[PlyCount "55"]
[EventDate "2018.06.21"]
[EventCountry "BLR"]
[SourceTitle "playchess.com"]
[Source "ChessBase"]
[SourceQuality "1"]
[TimeControl "900+10"]

1. e4 {[%emt 0:00:00]} c5 {[%emt 0:00:01]} 2. Nf3 {[%emt 0:00:00]} Nc6 {[%emt 0:00:01]} 3. d4 {[%emt 0:00:00]} cxd4 {[%emt 0:00:01]} 4. Nxd4 {[%emt 0:00:00]} e5 {[%emt 0:00:01]} 5. Nb5 {[%emt 0:00:00]} d6 {[%emt 0:00:06]} 6. N1c3 {[%emt 0:00:05]} Nf6 {[%emt 0:00:19]} 7. Bg5 {[%emt 0:00:10]} a6 {[%emt 0:00:03]} 8. Na3 {[%emt 0:00:02]} b5 {[%emt 0:00:01]} 9. Nd5 {[%emt 0:00:01]} Be7 {[%emt 0:00:01]} 10. Bxf6 {[%emt 0:00:02]} Bxf6 {[%emt 0:00:02]} 11. c3 {[%emt 0:00:01]} O-O {[%emt 0:00:03]} 12. Nc2 {[%emt 0:00:02]} Bg5 {[%emt 0:00:03]} 13. a4 {[%emt 0:00:13]} bxa4 {[%emt 0:00:01]} 14. Rxa4 {[%emt 0:00:02]} a5 {[%emt 0:00:01]} 15. Bc4 {[%emt 0:00:13]} Rb8 {[%emt 0:00:02]} 16. b3 {[%emt 0:00:03]} Kh8 {[%emt 0:00:01]} 17. Nce3 {[%emt 0:00:02]} f5 {[%emt 0:00:49]} 18. exf5 {[%emt 0:00:14]} Bxf5 {[%emt 0:00:11]} 19. Nxf5 {[%emt 0:00:12]} Rxf5 {[%emt 0:00:02]} 20. h4 {[%emt 0:00:37]} Bxh4 {[%emt 0:05:21]} 21. g3 {[%emt 0:00:11]} Bxg3 {[%emt 0:00:24]} 22. fxg3 {[%emt 0:00:31]} Qg5 {[%emt 0:00:31]} 23. g4 {[%emt 0:01:25]} Rff8 {[%emt 0:04:00]} 24. Rh5 {[%emt 0:00:04]} Qd8 {[%emt 0:01:14]} 25. Qd3 {[%emt 0:00:45]} h6 {[%emt 0:01:24]} 26. Qg6 {[%emt 0:00:20]} Rb7 {[%emt 0:00:37]} 27. Bd3 {[%emt 0:00:22]} e4 {[%emt 0:00:41]} 28. Bxe4 {[%emt 0:00:13]} 1-0

[Event "Kupreichik Memorial Open 2018"]
[Site "Minsk"]
[Date "2018.06.22"]
[Round "7"]
[White "Zarubitski, Viachaslau"]
[Black "Aleksandrov, Aleksej"]
[Result "0-1"]
[WhiteElo "2265"]
[BlackElo "2597"]
[Annotator "TA"]
[PlyCount "66"]
[EventDate "2018.06.21"]
[EventCountry "BLR"]
[SourceTitle "playchess.com"]
[Source "ChessBase"]
[SourceQuality "1"]

{[%evp 28,66,30,3,18,7,14,8,16,7,20,0,0,-8,-7,-7,-4,-3,-8,-12,-5,-5,-5,-5,-4,-10,0,0,0,0,0,0,11,7,7,0,8,0,0,-2214,-2031]} 1. e4 e5 2. Nf3 Nc6 3. Bb5 Nf6 4. O-O Nxe4 5. Re1 Nd6 6. Nxe5 Be7 7. Bf1 Nxe5 8. Rxe5 O-O 9. d4 Bf6 10. Re1 Re8 {C67: Ruy Lopez: Berlin Defence: 4 0-0 Nxe4} (10... Nf5 11. d5 Re8 12. Rxe8+ Qxe8 13. Qd3 d6 14. Nd2 Bg5 15. Nf3 Bxc1 16. Rxc1 Bd7 17. Re1 Qd8 18. Qc4 {1-0 (31) Carlsen,M (2843)-Aronian,L (2764) Stavanger 2018}) 11. c3 Rxe1 12. Qxe1 Qe8 13. Qxe8+ Nxe8 14. Bf4 d5 15. Bd3 {LiveBook: 12 Games} c6 16. Nd2 g6 17. Re1 Ng7 18. Be5 Bxe5 19. Rxe5 Kf8 $146 20. Kf1 f6 21. Re1 Kf7 22. f3 h5 23. Kf2 g5 24. h4 gxh4 25. Rh1 Bf5 26. Bf1 {[#]} h3 $1 {[%mdl 512]} 27. g3 (27. gxh3 h4) 27... Re8 (27... Rh8 {is more complex.} 28. Bxh3 h4 29. gxh4 Rxh4 30. Kg2 b6) 28. Bxh3 Bxh3 29. Rxh3 $11 {KRN-KRN} Kg6 30. Nb3 Nf5 31. Nc1 Kg5 32. Ne2 a5 33. Rh1 $2 {[%mdl 8192] [#]} (33. Rh2 $11) 33... Rxe2+ $1 {[%mdl 512] Precision: White = 42%, Black = 74%.} 0-1